000 00208 a2200097 4500
001 14185
100 _aCollins P
245 _aDickens and education
260 _aLondon
_bMacmillan
_c
090 _c11128
_d11128
942 _aNUST-CAE
_cM
_c1257
999 _c249258
_d249258